Gaming Quiz

Random Gaming or Video Games Quiz

Street Fighter, Tekken, or Mortal Kombat? Quiz Stats

 Plays Quiz Updated May 4, 2015

Challenge
Share
Tweet
Score 0/34 Timer 08:00
0 Plays Today
% Correct
Street Fighter (Ryu)
96.2%
Mortal Kombat (Scorpion)
90.8%
Mortal Kombat (Noob Saibot)
90.3%
Tekken (Alisa Bosconovitch)
90.1%
Mortal Kombat (Raiden)
88.7%
Street Fighter (Zangief)
88.5%
Street Fighter (Guile)
87.9%
Tekken (King)
86.3%
Mortal Kombat (Kung Lao)
85.9%
Mortal Kombat (Kitana)
85.4%
Street Fighter (Ken Masters)
85.3%
Tekken (Lee Chaolan)
85.1%
Tekken (Hwoarang)
83.7%
Street Fighter (M. Bison)
83.3%
Street Fighter (Dhalsim)
81.3%
Tekken (Anna Williams)
80.9%
Tekken (Ling Xiaoyu)
80.4%
% Correct
Tekken (Steve Fox)
80%
Mortal Kombat (Johnny Cage)
79.5%
Tekken (Eddy Gordo)
79.4%
Tekken (Heihachi Mishima)
78.4%
Street Fighter (Edmond Honda)
77.8%
Street Fighter (Abel)
77.5%
Street Fighter (Dee Jay)
76.3%
Street Fighter (Chun-Li)
75.8%
Street Fighter (Akuma)
74.5%
Tekken (Yoshimitsu)
74.4%
Tekken (Bryan Fury)
73.7%
Mortal Kombat (Quan Chi)
73.6%
Mortal Kombat (Liu Kang)
68%
Tekken (Paul Phoenix)
65.4%
Mortal Kombat (Sonya Blade)
60.6%
Tekken (Marshall Law)
58.8%
Mortal Kombat (Shang Tsung)
58.6%

You're not logged in!

Compare scores with friends on all Sporcle quizzes.
Join for Free
OR
Log In

You Might Also Like...

Show Comments

Extras

Top Quizzes Today


Score Distribution

Your Account Isn't Verified!

In order to create a playlist on Sporcle, you need to verify the email address you used during registration. Go to your Sporcle Settings to finish the process.

Report this User

Report this user for behavior that violates our Community Guidelines.

Details: